| 000 | 01034nam a22002777a 4500 | ||
|---|---|---|---|
| 005 | 2010101908158.0 | ||
| 008 | 101019t xxu||||| |||| 00| 0 hin d | ||
| 010 | _aHIN-96259 | ||
| 020 |
_c250.00 _a9789381412022 |
||
| 035 | _aHN-68605 | ||
| 037 | _bDBAD / PUB | ||
| 040 |
_aDPL _bHN |
||
| 082 | _a821 | ||
| 100 |
_923632 _aरेखा |
||
| 245 |
_aविरासत जैसा कुछ / _bरेखा |
||
| 260 |
_aदिल्ली _bसाहित्य सहकार प्रकाशन _c2012 |
||
| 270 |
_bदिल्ली _a29/61, गली न. 11, विश्वास नगर _e110032 |
||
| 300 | 1 |
_a127पृ. _c22सेमी (सजिल्द) |
|
| 650 |
_9657 _aहिन्दी कविता |
||
| 650 | _934273 | ||
| 700 | _948760 | ||
| 710 | _934811 | ||
| 710 | _935049 | ||
| 942 |
_2ddc _cHN _mरेखावि _h821 |
||
| 999 |
_c67810 _d67810 |
||